José de Acosta y el origen de la idea de misión : (Record no. 864)

000 -CABECERA
fixed length control field 01354nam a22002777a 4500
003 - IDENTIFICADOR DEL NÚMERO DE CONTROL
control field AR-CdUCM
008 - DATOS DE LONGITUD FIJA--INFORMACIÓN GENERAL
fixed length control field 190225b ||||| |||| 00| 0 spa d
020 ## - NÚMERO INTERNACIONAL ESTÁNDAR DEL LIBRO
ISBN 8483870584
040 ## - FUENTE DE LA CATALOGACIÓN
Agencia/entidad que catalogó originalmente la obra MUNICIPALIDAD PROVINCIAL DEL CUSCO
Entidad que transcribió la catalogación BIBLIOTECA MUNICIPAL DEL CUSCO
082 ## - NÚMERO DE LA CLASIFICACIÓN DECIMAL DEWEY
No. de Clasificación 985.009 /
Notacion interna A18L
100 ## - ENTRADA PRINCIPAL--NOMBRE DE PERSONA
Nombre Personal euridan Huys, Johan
245 ## - MENCIÓN DE TÍTULO
Título José de Acosta y el origen de la idea de misión :
Resto del título Perú, siglo XVI /
260 ## - PUBLICACIÓN, DISTRIBUCIÓN, ETC.
Lugar de publicación, distribución, etc. Cusco :
Nombre de la editorial, distribuidor, etc. Centro de Estudios Regionales Andinos "Bartolomé de las Casas"
Fecha de publicación, distribución, etc. 1997.
300 ## - DESCRIPCIÓN FÍSICA
Nº de Páginas Extensión 23 páginas ;
Dimensiones 21 cm.
440 ## - MENCIÓN DE SERIE/PUNTO DE ACCESO ADICIONAL--TÍTULO
Título Cuadernos para la historia de la evangelización en América Latina ;
Número de la parte/sección de una obra 19
9 (RLIN) 3304
650 ## - PUNTO DE ACCESO ADICIONAL DE MATERIA--TÉRMINO DE MATERIA
Descriptor Historia peruana
9 (RLIN) 1316
650 ## - PUNTO DE ACCESO ADICIONAL DE MATERIA--TÉRMINO DE MATERIA
Descriptor Iglesia Católica
9 (RLIN) 3151
650 ## - PUNTO DE ACCESO ADICIONAL DE MATERIA--TÉRMINO DE MATERIA
Descriptor Época Colonial
9 (RLIN) 645
650 ## - PUNTO DE ACCESO ADICIONAL DE MATERIA--TÉRMINO DE MATERIA
Descriptor Concilios y sínodos
9 (RLIN) 3305
650 ## - PUNTO DE ACCESO ADICIONAL DE MATERIA--TÉRMINO DE MATERIA
Descriptor Lima
9 (RLIN) 231
710 ## - PUNTO DE ACCESO ADICIONAL--NOMBRE DE ENTIDAD CORPORATIVA
Nombre corporativo (En letras Mayúsculas) Centro de Estudios Regionales Andinos Bartolomé de Las Casas (Cusco)
9 (RLIN) 3306
710 ## - PUNTO DE ACCESO ADICIONAL--NOMBRE DE ENTIDAD CORPORATIVA
Nombre corporativo (En letras Mayúsculas) Universidad de San Martín de Porres (Lima).
9 (RLIN) 3307
942 ## - ELEMENTOS DE PUNTO DE ACCESO ADICIONAL (KOHA)
Fuente de clasificación
Tipo de item Libros-BMC
945 ## - PROCESAMIENTO DE INFORMACIÓN LOCAL (OCLC)
Catalogador raen
AAAA-MM-DD - Fecha de ingreso o modificacion 2019-02-25
Holdings
Estado de retiro (separado) Fuente de clasificación o esquema de estanterías Estado dañado Ubicación Sala donde se ubica Nombre de la colección Fecha de adquisición o compra Costo, precio normal en soles Signatura topográfica Código de Barras Última vez visto (Koha) Tipo de ítem (Koha) Número de Ejemplar
No     Sala Humanidades Sala Humanidades Book Cart 2019-02-25 25.00 985.009 / A18L SH0000001042 2019-02-25 Libros-BMC  
No     Sala Humanidades Sala Humanidades Book Cart 2019-02-25 25.00 985.009 / A18L / e.2 SH0000001043 2019-02-25 Libros-BMC 2 ej.

Powered by Koha